Statistics for States, Provinces, and Territories on the Continental Divide

Click here to take the quiz!

General Stats

  • This quiz has been taken 12 times
  • The average score is 15 of 27

Answer Stats

HintAnswer% Correct
Arctic-PacificAlaska
92%
Arctic-PacificBritish Columbia
92%
Atlantic-PacificColorado
92%
PacificIdaho
92%
Atlantic-PacificMontana
92%
Arctic-PacifcYukon
92%
Arctic-AtlanticAlberta
83%
Arctic-AtlanticNunavut
83%
Arctic-AtlanticSaskatchewan
83%
Atlantic-PacificWyoming
83%
Atlantic-PacificChihuahua
75%
Atlantic-PacificNew Mexico
75%
Arctic-AtlanticNorthwest Territories
75%
Atlantic-PacificMéxico
67%
Atlantic-PacificSonora
58%
Atlantic-PacificOaxaca
50%
Atlantic-PacificDurango
42%
Atlantic-PacificChiapas
33%
Atlantic-PacificGuanajuato
25%
Atlantic-PacificJalisco
25%
Atlantic-PacificQueretaro
25%
Atlantic-PacificAguascalientes
17%
Atlantic-PacificMorelos
17%
Atlantic-PacificDistrito Federal
8%
Atlantic-PacificMichoacán
8%
Atlantic-PacificPuebla
8%
Atlantic-PacificZacatecas
8%

Score Distribution

Percentile by Number Answered

Percent of People with Each Score

Your Score History

You have not taken this quiz